|
|
|
|
| LEADER |
00000nab a2200000 a 4500 |
| 001 |
vtls009147347 |
| 003 |
SK-MaSNL |
| 005 |
20260304151002.0 |
| 008 |
250506c2007 xo mr|p|||||||000 b|slo |
| 015 |
|
|
|a SNBRB2007/10
|2 snkbucl
|
| 035 |
|
|
|a (uuid)8ace6211-d4bf-4bb9-955f-fa1261830089
|
| 035 |
|
|
|a urn:nbn:sk:snk-abc25s
|
| 035 |
|
|
|a (urnnbn)urn:nbn:sk:snk:ar-000itn
|
| 038 |
|
|
|a SNKBUCL
|
| 040 |
|
|
|a SNKBUCL
|b slo
|c SNKBUCL
|e AACR2
|
| 041 |
0 |
|
|a slo
|
| 044 |
|
|
|a xo
|c SK
|
| 080 |
|
|
|a 741.071.1
|2 2001
|
| 080 |
|
|
|a 75.071.1
|2 2001
|
| 080 |
|
|
|a 929 Slaninková, Katarína
|2 2001
|
| 245 |
0 |
0 |
|a Katarína Slaninková: Kreslím tak, aby sa to páčilo aj mne ako dieťaťu-
|c [pripravil] Marián Kubica
|
| 300 |
|
|
|b Kresby
|
| 500 |
|
|
|a V rubrike Galéria Romboidu
|
| 600 |
1 |
7 |
|a Slaninková, Katarína,
|d 1975-
|2 snkbucl
|9 220874
|
| 773 |
0 |
|
|t Romboid
|g Roč. XLII, č. 7 (2007), s. 45
|x 0231-6714
|
| 850 |
|
|
|a Slovenská národná knižnica
|
| 852 |
|
|
|a Slovenská národná knižnica
|
| 958 |
|
|
|a article15
|
| 958 |
|
|
|a OND
|
| 958 |
|
|
|a SK
|
| 958 |
|
|
|a BX
|
| 958 |
|
|
|a EUIPO
|
| 999 |
|
|
|c 2940833
|d 2942763
|